| 000 | 01475nam a2200349Ia 4500 | ||
|---|---|---|---|
| 001 | ebr10745960 | ||
| 003 | CaPaEBR | ||
| 006 | m o u | ||
| 007 | cr cn||||||||| | ||
| 008 | 091030s2009 ne abc sb 001 0 eng d | ||
| 010 | _z 2009521561 | ||
| 020 | _z9789067183079 | ||
| 020 | _z9067183075 | ||
| 020 | _z9789004253858 | ||
| 040 |
_aCaPaEBR _cCaPaEBR |
||
| 035 | _a(OCoLC)808385268 | ||
| 050 | 1 | 4 |
_aDS632.T7 _bW377 2009eb |
| 100 | 1 | _aWaterson, Roxana. | |
| 245 | 1 | 0 |
_aPaths and rivers _h[electronic resource] : _bSa'dan Toraja society in transformation / _cRoxana Waterson. |
| 260 |
_aLeiden : _bKITLV Press, _c2009. |
||
| 300 |
_axxxii, 510 p. : _bill. (some col.), maps, ports. |
||
| 440 | 0 |
_aVerhandelingen van het Koninklijk Instituut voor Taal-, Land- en Volkenkunde, _x1572-1892 ; _v253 |
|
| 504 | _aIncludes bibliographical references (p. [475]-498) and index. | ||
| 533 |
_aElectronic reproduction. _bPalo Alto, Calif. : _cebrary, _d2013. _nAvailable via World Wide Web. _nAccess may be limited to ebrary affiliated libraries. |
||
| 650 | 0 |
_aToraja (Indonesian people) _xRites and ceremonies. |
|
| 650 | 0 |
_aToraja (Indonesian people) _xSocial life and customs. |
|
| 650 | 0 |
_aEthnology _zIndonesia _zTana Toraja. |
|
| 650 | 0 | _aSocial evolution. | |
| 655 | 7 |
_aElectronic books. _2local |
|
| 710 | 2 | _aebrary, Inc. | |
| 856 | 4 | 0 |
_uhttp://site.ebrary.com/lib/rucke/Doc?id=10745960 _zAn electronic book accessible through the World Wide Web; click to view |
| 999 |
_c14622 _d14622 |
||